000 00455cam a2200193 4500
001 B2050
008 090401t1988 xxu||||| |||| 00| 0 eng d
035 _a(Sirsi) u47799
041 _aeng
050 _a333.3370942393
110 _aChesterton
_92357
245 _aBristol office market review 1988
260 _aLondon
_bChesterton
_c1988
300 _a12p. : ill. ; 30cm.
350 _a0
650 _aOFFICES
942 _n0
948 _c04/03/1997
999 _c92205
_d92205